000
00246nam a2200109Ia 4500
008
220204s9999 xx 000 0 und d
082
_a
82-3
_b
BRO
100
_a
Brookes, Ewart
245
0
_a
Destroyer
260
_a
London
_b
Arrow
_c
1977
942
_c
BK
999
_c
33983
_d
33983